Statistics for Teen drinking in Europe

Click here to take the quiz!

General Stats

  • This quiz has been taken 108 times
  • The average score is 18 of 24

Answer Stats

% drinkGirl or BoyCountry% Correct
~10BoyUK
97%
~3GirlNorway
85%
~4BoyNorway
85%
~5BoySweden
85%
~3GirlSweden
85%
~5BoyIreland
84%
~3GirlIreland
84%
~31BoyItaly
82%
~17GirlItaly
82%
~28BoyGreece
78%
~17GirlGreece
78%
~18GirlHungary
77%
~29BoyHungary
77%
~4GirlPortugal
77%
~14GirlCzechia
76%
~4GirlLatvia
73%
~9BoyLatvia
73%
~3BoyIceland
72%
~2GirlIceland
72%
~33BoyCroatia
69%
~14GirlCroatia
69%
~32BoyMalta
51%
~25GirlMalta
51%
~28BoyIsrael
19%

Score Distribution

Percentile by Number Answered

Percent of People with Each Score

Your Score History

You have not taken this quiz